[Event "ESCC 2014 - 65+ Rapid"]
[Site "Porto POR"]
[Date "2014.03.19"]
[Round "1.1"]
[White "Suba, Mihai"]
[Black "Hutchinson, Norman A"]
[Result "1-0"]
[WhiteElo "2379"]
[BlackElo "2100"]
[PlyCount "59"]
[EventDate "2014.??.??"]

1. c4 Nf6 2. Nc3 e6 3. Nf3 d5 4. d4 Bb4 5. cxd5 Nxd5 6. Bd2 O-O 7. e4 Nf6 8.
Qc2 Nc6 9. a3 Be7 10. e5 Nd5 11. Bd3 f5 12. exf6 Nxf6 13. Be3 a6 14. Rd1 h6 15.
O-O Bd6 16. Bc4 Kh8 17. h3 Ne7 18. Ne5 c6 19. Rfe1 Nfd5 20. Bc1 Qe8 21. Ne4
Bxe5 22. dxe5 Qg6 23. Bd3 Nf5 24. Nd6 Qh5 25. Bxf5 exf5 26. e6 f4 27. e7 Bxh3
28. exf8=Q+ Rxf8 29. gxh3 Qxh3 30. Qg6 1-0

[Event "ESCC 2014 - 65+ Rapid"]
[Site "Porto POR"]
[Date "2014.03.19"]
[Round "1.2"]
[White "Malachi, Avraham"]
[Black "Beznosikov, Vladimir"]
[Result "1/2-1/2"]
[WhiteElo "2097"]
[BlackElo "2356"]
[PlyCount "122"]
[EventDate "2014.??.??"]

1. Nf3 c5 2. g3 g6 3. Bg2 Bg7 4. O-O Nc6 5. d3 d5 6. Nbd2 Nf6 7. e4 O-O 8. Re1
Bg4 9. h3 Bxf3 10. Qxf3 dxe4 11. dxe4 Nd7 12. Qd1 Nb6 13. f4 Qc7 14. c3 Rad8
15. Qe2 Na5 16. Nf3 Nac4 17. e5 e6 18. b3 Na5 19. Qb5 Nd5 20. Bd2 a6 21. Qe2 b5
22. Rad1 c4 23. b4 Nc6 24. Ng5 a5 25. a3 axb4 26. axb4 Ra8 27. Ra1 Rxa1 28.
Rxa1 Nxe5 29. fxe5 Bxe5 30. Bxd5 exd5 31. g4 d4 32. Nf3 dxc3 33. Bh6 Bg7 34.
Bxg7 Kxg7 35. Rc1 Qg3+ 36. Qg2 Qf4 37. Rxc3 Ra8 38. Qb2 Qg3+ 39. Kh1 Kg8 40.
Ng1 Qe5 41. Qd2 Re8 42. Rf3 Kg7 43. Kg2 f6 44. Rf2 Qe4+ 45. Nf3 Re7 46. Qd4
Qxd4 47. Nxd4 Re5 48. Re2 Rd5 49. Ne6+ Kf7 50. Nc7 Rg5 51. Kf3 h5 52. Kf4 hxg4
53. hxg4 c3 54. Rc2 Re5 55. Rxc3 g5+ 56. Kf3 f5 57. gxf5 Rxf5+ 58. Kg3 Re5 59.
Rc5 Rxc5 60. bxc5 b4 61. Nd5 b3 1/2-1/2

[Event "ESCC 2014 - 65+ Rapid"]
[Site "Porto POR"]
[Date "2014.03.19"]
[Round "1.3"]
[White "Tseitlin, Mark D"]
[Black "Grabow, Pouelsten Holm"]
[Result "1-0"]
[WhiteElo "2353"]
[BlackElo "2095"]
[PlyCount "64"]
[EventDate "2014.??.??"]

1. e4 e6 2. d4 d5 3. Nd2 c5 4. Ngf3 cxd4 5. Nxd4 Nc6 6. Bb5 Bd7 7. Nxc6 bxc6 8.
Bd3 Ne7 9. O-O Ng6 10. f4 Be7 11. Qh5 Qc7 12. Nf3 Nxf4 13. Bxf4 Qxf4 14. Ne5
Qe3+ 15. Kh1 g6 16. Qd1 f6 17. Nxd7 Kxd7 18. exd5 exd5 19. c4 Rad8 20. cxd5 Ke8
21. Re1 Qb6 22. Qe2 Qc7 23. dxc6 Kf8 24. Qe3 Bd6 25. Qh6+ Qg7 26. Qh3 Be5 27.
Rxe5 fxe5 28. Rf1+ Ke7 29. Qh4+ Ke8 30. c7 Qxc7 31. Bb5+ Rd7 32. Qf6 Qd8 1-0

[Event "ESCC 2014 - 65+ Rapid"]
[Site "Porto POR"]
[Date "2014.03.19"]
[Round "1.4"]
[White "Khmiadashvili, Tamar"]
[Black "Butnorius, Algimantas"]
[Result "1/2-1/2"]
[WhiteElo "2026"]
[BlackElo "2340"]
[PlyCount "81"]
[EventDate "2014.??.??"]

1. d4 Nf6 2. c3 e6 3. Bg5 c5 4. e3 d5 5. Bxf6 Qxf6 6. Nf3 Bd6 7. Nbd2 O-O 8.
Bd3 Nc6 9. h4 h6 10. Bb1 cxd4 11. Qc2 d3 12. Qxd3 g6 13. h5 Kg7 14. Bc2 Ne7 15.
e4 Bf4 16. Qe2 Nc6 17. O-O-O Bd7 18. g3 Bxd2+ 19. Rxd2 e5 20. exd5 Bg4 21. Be4
Ne7 22. Qe3 g5 23. d6 Nc6 24. Ne1 Rad8 25. f3 Be6 26. Bb1 Rd7 27. Qe4 Rh8 28.
Nc2 Qd8 29. Ne3 Rxd6 30. Rxd6 Qxd6 31. Rd1 Qe7 32. Nf5+ Bxf5 33. Qxf5 Qf6 34.
Qe4 Rd8 35. Rxd8 Nxd8 36. Bc2 Kf8 37. b4 Qd6 38. Kb2 a6 39. a3 Nc6 40. Qd3 Qxd3
41. Bxd3 1/2-1/2

[Event "ESCC 2014 - 65+ Rapid"]
[Site "Porto POR"]
[Date "2014.03.19"]
[Round "1.5"]
[White "Gorshkov, Yury S"]
[Black "Santos, Júlio"]
[Result "1/2-1/2"]
[WhiteElo "2320"]
[BlackElo "1981"]
[PlyCount "85"]
[EventDate "2014.??.??"]

1. g3 g6 2. Bg2 Bg7 3. c4 c5 4. Nc3 Nc6 5. a3 d6 6. Rb1 e6 7. b4 Nge7 8. Nf3
O-O 9. O-O Rb8 10. e3 Bd7 11. Nb5 Be8 12. d4 a6 13. Nc3 cxd4 14. exd4 d5 15. c5
Nf5 16. Bf4 Nfxd4 17. Bxb8 Nxf3+ 18. Bxf3 Qxb8 19. Na4 Ne5 20. Be2 Bxa4 21.
Qxa4 Qa7 22. Rfc1 Rc8 23. Kg2 Bh6 24. f4 Nc6 25. b5 axb5 26. Bxb5 Qxa4 27. Bxa4
Na5 28. Rb5 Nc4 29. Rxb7 Rxc5 30. Bb5 Ne3+ 31. Kf3 Rxc1 32. Kxe3 Bf8 33. Be8
Bc5+ 34. Kd2 Bxa3 35. Bxf7+ Kh8 36. Bxe6 Rc5 37. Kd3 Ra5 38. g4 Bc5 39. g5 h5
40. gxh6 Ra3+ 41. Kc2 Ra2+ 42. Kb1 Rxh2 43. Bxd5 1/2-1/2

[Event "ESCC 2014 - 65+ Rapid"]
[Site "Porto POR"]
[Date "2014.03.19"]
[Round "1.6"]
[White "Boysan, Hasan Ferit"]
[Black "Gaprindashvili, Nona"]
[Result "0-1"]
[WhiteElo "1969"]
[BlackElo "2244"]
[PlyCount "64"]
[EventDate "2014.??.??"]

1. b4 e5 2. b5 d5 3. Bb2 f6 4. e3 c5 5. c4 d4 6. e4 Ne7 7. d3 Ng6 8. g3 Bd6 9.
Bg2 O-O 10. Ne2 Be6 11. O-O Qd7 12. f4 exf4 13. Nxf4 Nxf4 14. gxf4 Bh3 15. Bxh3
Qxh3 16. Qf3 Qxf3 17. Rxf3 Nd7 18. Nd2 g5 19. f5 Ne5 20. Rh3 g4 21. Rg3 Nf3+
22. Rxf3 gxf3 23. Nxf3 a6 24. b6 a5 25. Bc1 Kf7 26. a4 Rg8+ 27. Kf2 Rg4 28. Bd2
Rag8 29. Rg1 Rxg1 30. Nxg1 Bxh2 31. Nf3 Bd6 32. Bh6 Ra8 0-1

[Event "ESCC 2014 - 65+ Rapid"]
[Site "Porto POR"]
[Date "2014.03.19"]
[Round "1.7"]
[White "Schouten, Nico"]
[Black "Kabanova, Irina"]
[Result "1-0"]
[WhiteElo "2179"]
[BlackElo "1966"]
[PlyCount "49"]
[EventDate "2014.??.??"]

1. b4 e5 2. Bb2 Bxb4 3. Bxe5 Nf6 4. e3 Nc6 5. Bxf6 Qxf6 6. c3 Be7 7. Nf3 d5 8.
d4 a6 9. Be2 h6 10. Nbd2 O-O 11. O-O Bd6 12. c4 Ne7 13. c5 Bxc5 14. dxc5 c6 15.
Rb1 Ng6 16. Qa4 Re8 17. Nd4 Re7 18. N2f3 Bg4 19. Nxc6 bxc6 20. Qxg4 Re4 21. Qg3
Ra4 22. Rb8+ Rxb8 23. Qxb8+ Kh7 24. Qb3 a5 25. Qxa4 1-0

[Event "ESCC 2014 - 65+ Rapid"]
[Site "Porto POR"]
[Date "2014.03.19"]
[Round "1.8"]
[White "Sevenyuk, Alexey"]
[Black "Zhelesny, Stanislav"]
[Result "1-0"]
[WhiteElo "1918"]
[BlackElo "2171"]
[PlyCount "45"]
[EventDate "2014.??.??"]

1. d4 Nf6 2. c4 g6 3. Nc3 d5 4. cxd5 Nxd5 5. e4 Nb6 6. Be3 Bg7 7. Nf3 O-O 8.
Be2 Bg4 9. O-O Nc6 10. d5 Bxf3 11. gxf3 Ne5 12. Qc1 c6 13. dxc6 bxc6 14. b3 Qc8
15. Bh6 Qh3 16. Bxg7 Kxg7 17. Qf4 f6 18. Rad1 Rad8 19. Rxd8 Rxd8 20. Rd1 Rxd1+
21. Nxd1 Qd7 22. Ne3 Qd2 23. Nf5+ 1-0

[Event "ESCC 2014 - 65+ Rapid"]
[Site "Porto POR"]
[Date "2014.03.19"]
[Round "1.9"]
[White "Sasu-Ducsoara, Adrian-Florian"]
[Black "Birkestrand, Odd"]
[Result "1-0"]
[WhiteElo "2170"]
[BlackElo "1875"]
[PlyCount "47"]
[EventDate "2014.??.??"]

1. e4 e5 2. Nf3 Nc6 3. d4 exd4 4. Bc4 Nf6 5. O-O Be7 6. e5 Ne4 7. Bd5 Nc5 8.
Re1 O-O 9. Nxd4 Ne6 10. Nf5 Bc5 11. c3 d6 12. b4 Bb6 13. exd6 cxd6 14. Bxc6
bxc6 15. Qxd6 Qxd6 16. Nxd6 Rd8 17. Nc4 Bc7 18. Be3 Ba6 19. Nbd2 Rd3 20. Rac1
h6 21. h4 Bb7 22. Nb3 Ba6 23. Nca5 Bb7 24. Nxb7 1-0

[Event "ESCC 2014 - 65+ Rapid"]
[Site "Porto POR"]
[Date "2014.03.19"]
[Round "1.10"]
[White "Urbanc, Vinko"]
[Black "Gundersen, Helge"]
[Result "0-1"]
[WhiteElo "1860"]
[BlackElo "2162"]
[PlyCount "179"]
[EventDate "2014.??.??"]

1. c4 e5 2. Nc3 Nc6 3. g3 f5 4. Bg2 Nf6 5. e3 g6 6. b3 Bg7 7. Bb2 d6 8. f4 O-O
9. Nge2 e4 10. O-O Nb4 11. Nc1 a5 12. a3 Na6 13. d4 d5 14. Re1 Be6 15. Bf1 c6
16. Na4 Rb8 17. Qd2 Qc7 18. Na2 b5 19. cxb5 cxb5 20. Rac1 Qd8 21. Nc5 Nxc5 22.
Rxc5 Bd7 23. Nc3 b4 24. Na4 Bxa4 25. bxa4 Qd6 26. Rec1 Rfd8 27. Bb5 Bf8 28.
axb4 axb4 29. Rc6 Qe7 30. Rc7 Qe6 31. Qc2 Ng4 32. Qb3 Rbc8 33. Bd7 Qxd7 34.
Rxd7 Rxc1+ 35. Bxc1 Rxd7 36. Bd2 Nf6 37. a5 Kf7 38. Qa4 Ke6 39. Bxb4 Bxb4 40.
Qxb4 Ne8 41. Qb6+ Rd6 42. Qb7 Rd7 43. a6 Rc7 44. Qb6+ Ke7 45. a7 Rc1+ 46. Kg2
Nc7 47. Qb7 Kd6 48. a8=Q Nxa8 49. Qxa8 Rc3 50. Qf8+ Ke6 51. Qg8+ Kf6 52. Qxd5
Rxe3 53. Qe5+ Kf7 54. d5 Re2+ 55. Kg1 Rd2 56. Qe6+ Kf8 57. d6 e3 58. Qxe3 Rxd6
59. Qc5 Ke7 60. Kf2 Ke6 61. Ke3 Rd7 62. Qc8 Ke7 63. h3 Kd6 64. g4 Rf7 65. Qb8+
Ke6 66. Qe5+ Kd7 67. Kd3 Re7 68. Qf6 fxg4 69. hxg4 Ke8 70. Qh8+ Kd7 71. Kd4 Rf7
72. Ke5 Ke7 73. Qa8 h5 74. Qa3+ Ke8 75. Qa4+ Ke7 76. Qb4+ Ke8 77. Qb5+ Ke7 78.
Qc5+ Ke8 79. Qc6+ Kf8 80. Qxg6 hxg4 81. Qxg4 Ke7 82. f5 Kf8 83. Qg5 Re7+ 84.
Kd6 Ra7 85. Qh6+ Kg8 86. Qg6+ Kh8 87. Qe8+ Kg7 88. Qe5+ Kg8 89. f6 Kf8 90. Qg5
0-1

[Event "ESCC 2014 - 65+ Rapid"]
[Site "Porto POR"]
[Date "2014.03.19"]
[Round "1.11"]
[White "Grinberg, Iosif P"]
[Black "Alves, Fernando"]
[Result "1-0"]
[WhiteElo "2161"]
[BlackElo "1802"]
[PlyCount "73"]
[EventDate "2014.??.??"]

1. e4 c5 2. a3 d6 3. b4 b6 4. Bb2 Bb7 5. d3 Nd7 6. Nf3 Ngf6 7. Be2 g6 8. O-O
Bg7 9. Nbd2 O-O 10. Rb1 Qc7 11. Nc4 d5 12. exd5 Bxd5 13. Ne3 Bb7 14. b5 Rad8
15. Qc1 Rfe8 16. a4 Nf8 17. Nc4 Ne6 18. Be5 Qc8 19. Qb2 Nh5 20. Bxg7 Nhxg7 21.
a5 Qc7 22. Qe5 bxa5 23. Qxc7 Nxc7 24. Nxa5 Ba8 25. Ne5 Nd5 26. Bf3 e6 27. Nac6
Bxc6 28. Nxc6 Rd7 29. Ra1 Rb7 30. c4 Rd7 31. cxd5 exd5 32. Rxa7 Rxa7 33. Nxa7
Rd8 34. Nc6 Rd7 35. Bxd5 Ne6 36. Bxe6 fxe6 37. b6 1-0

[Event "ESCC 2014 - 65+ Rapid"]
[Site "Porto POR"]
[Date "2014.03.19"]
[Round "1.12"]
[White "Santos, Amadeu Solha"]
[Black "Gruzmann, Boris"]
[Result "0-1"]
[WhiteElo "1614"]
[BlackElo "2159"]
[PlyCount "45"]
[EventDate "2014.??.??"]

1. b3 e5 2. Bb2 Nc6 3. e3 Nf6 4. Bb5 Bd6 5. Nf3 Qe7 6. Nc3 O-O 7. h3 a6 8. Be2
e4 9. Nd4 Nxd4 10. exd4 Ba3 11. Qc1 Bxb2 12. Qxb2 d5 13. O-O-O Bd7 14. Rde1 a5
15. f3 a4 16. Nb5 c6 17. Nc7 Rac8 18. bxa4 Rxc7 19. Qb6 Be6 20. fxe4 dxe4 21.
g4 Qa3+ 22. Kb1 Bb3 23. axb3 0-1

[Event "ESCC 2014 - 65+ Rapid"]
[Site "Porto POR"]
[Date "2014.03.19"]
[Round "1.13"]
[White "Kozlovskaya, Valentina"]
[Black "Brandão, Álvaro"]
[Result "1-0"]
[WhiteElo "2155"]
[BlackElo "1601"]
[PlyCount "77"]
[EventDate "2014.??.??"]

1. d4 Nf6 2. c4 e6 3. a3 d5 4. Nf3 Be7 5. Nc3 b6 6. cxd5 Nxd5 7. e4 Nxc3 8.
bxc3 Bb7 9. Bd3 O-O 10. O-O c5 11. Qe2 cxd4 12. cxd4 f6 13. Bb2 Qd7 14. Rad1
Rc8 15. Bb5 Bc6 16. Bxc6 Qxc6 17. Rc1 Qb7 18. Rxc8+ Qxc8 19. Rc1 Qd7 20. Qc4 b5
21. Qc8+ Bd8 22. g3 Kf7 23. Rc5 a6 24. d5 exd5 25. exd5 Bb6 26. Rc6 a5 27. h4
h6 28. Kg2 Ke7 29. Re6+ Kf7 30. Qxd7+ Nxd7 31. h5 Rc8 32. Bd4 Bxd4 33. Nxd4 b4
34. axb4 axb4 35. Nc6 Rc7 36. Nxb4 Rb7 37. Nc6 Rb5 38. Re7+ Kf8 39. Rxd7 1-0

[Event "ESCC 2014 - 65+ Rapid"]
[Site "Porto POR"]
[Date "2014.03.19"]
[Round "1.14"]
[White "Marcelino, José"]
[Black "Tsifanskaya, Ludmila A"]
[Result "0-1"]
[WhiteElo "1374"]
[BlackElo "2106"]
[PlyCount "82"]
[EventDate "2014.??.??"]

1. c4 Nf6 2. Nf3 g6 3. Nc3 Bg7 4. g3 O-O 5. Bg2 d6 6. O-O Nc6 7. e3 e5 8. Rb1
Bf5 9. d3 Nb4 10. e4 Bd7 11. a3 Nc6 12. b4 Qc8 13. b5 Nd8 14. a4 Bg4 15. Be3
Ne6 16. Qd2 Bxf3 17. Bxf3 Nd4 18. Bxd4 exd4 19. Ne2 Nd7 20. Bg2 Nc5 21. f4 Nxa4
22. Qb4 Nc5 23. Rbd1 a6 24. Qb2 axb5 25. Nxd4 Na4 26. Qf2 bxc4 27. dxc4 Nc3 28.
Rd2 c5 29. Nb5 Nxb5 30. cxb5 Bd4 31. Rxd4 cxd4 32. Qf3 Qc5 33. Rb1 Ra2 34. h4
d3+ 35. Kh2 Qc2 36. Rd1 Rc8 37. Rxd3 Qe2 38. Re3 Qxf3 39. Rxf3 Rcc2 40. Rd3
Rxg2+ 41. Kh3 h5 0-1

[Event "ESCC 2014 - 65+ Rapid"]
[Site "Porto POR"]
[Date "2014.03.19"]
[Round "2.1"]
[White "Gundersen, Helge"]
[Black "Suba, Mihai"]
[Result "0-1"]
[WhiteElo "2162"]
[BlackElo "2379"]
[PlyCount "55"]
[EventDate "2014.??.??"]

1. e4 Nf6 2. Nc3 d5 3. e5 Nfd7 4. e6 fxe6 5. d4 c5 6. Bd3 Nf6 7. dxc5 e5 8. Nf3
e4 9. Bb5+ Bd7 10. Ne5 Bxb5 11. Nxb5 Qa5+ 12. Nc3 e6 13. O-O Bxc5 14. Kh1 Nc6
15. Nxc6 bxc6 16. f3 exf3 17. Rxf3 O-O 18. Bg5 Nd7 19. Rh3 Qa6 20. Ne2 Rf5 21.
Be3 Raf8 22. Ng3 R5f7 23. Bxc5 Nxc5 24. Kg1 Qb6 25. Kh1 Qxb2 26. Rb1 Qf6 27.
Qe2 Ne4 28. Nxe4 0-1

[Event "ESCC 2014 - 65+ Rapid"]
[Site "Porto POR"]
[Date "2014.03.19"]
[Round "2.2"]
[White "Grinberg, Iosif P"]
[Black "Tseitlin, Mark D"]
[Result "1-0"]
[WhiteElo "2161"]
[BlackElo "2353"]
[PlyCount "35"]
[EventDate "2014.??.??"]

1. d4 Nf6 2. c4 g6 3. Nc3 d5 4. Nf3 Bg7 5. Qb3 dxc4 6. Qxc4 O-O 7. e4 Na6 8.
Be2 c5 9. dxc5 Be6 10. Qb5 Rc8 11. Qd3 Nxc5 12. Qxd8 Rfxd8 13. a3 Ng4 14. Bf4
Nd3+ 15. Bxd3 Rxd3 16. h3 Nh6 17. O-O Nf5 18. Rac1 1-0

[Event "ESCC 2014 - 65+ Rapid"]
[Site "Porto POR"]
[Date "2014.03.19"]
[Round "2.3"]
[White "Gaprindashvili, Nona"]
[Black "Kozlovskaya, Valentina"]
[Result "1-0"]
[WhiteElo "2244"]
[BlackElo "2155"]
[PlyCount "65"]
[EventDate "2014.??.??"]

1. d4 Nf6 2. c4 d6 3. Nc3 c6 4. e4 Nbd7 5. Nf3 e5 6. g3 Be7 7. Bg2 O-O 8. O-O
Qc7 9. h3 Re8 10. Be3 Nf8 11. Rc1 Qb8 12. b4 N6d7 13. Qb3 Bf6 14. d5 Be7 15.
Ne1 a5 16. a3 axb4 17. axb4 Nf6 18. Nd3 cxd5 19. exd5 N6d7 20. Ra1 Rxa1 21.
Rxa1 b6 22. Nb5 f5 23. Na7 Bb7 24. Nc6 Qc7 25. c5 Ng6 26. Nxe7+ Nxe7 27. c6 Bc8
28. cxd7 Bxd7 29. Nxe5 Nc8 30. Nxd7 Qxd7 31. Qa4 Qe7 32. Qc6 h6 33. Ra8 1-0

[Event "ESCC 2014 - 65+ Rapid"]
[Site "Porto POR"]
[Date "2014.03.19"]
[Round "2.6"]
[White "Beznosikov, Vladimir"]
[Black "Sevenyuk, Alexey"]
[Result "1-0"]
[WhiteElo "2356"]
[BlackElo "1918"]
[PlyCount "51"]
[EventDate "2014.??.??"]

1. e4 c5 2. Nf3 d6 3. Bb5+ Nc6 4. O-O Bg4 5. h3 Bxf3 6. Bxc6+ bxc6 7. Qxf3 e5
8. c3 Be7 9. d3 Bg5 10. Bxg5 Qxg5 11. Na3 Qf6 12. Qe3 Ne7 13. f4 exf4 14. Rxf4
Qh6 15. Nc4 O-O 16. Qf2 Rab8 17. Rf1 f6 18. Nxd6 Ng6 19. Rg4 Ne5 20. Nf5 Nxg4
21. Nxh6+ Nxh6 22. b3 Rbd8 23. Rd1 f5 24. Qxc5 fxe4 25. Qxc6 e3 26. Rf1 1-0

[Event "ESCC 2014 - 65+ Rapid"]
[Site "Porto POR"]
[Date "2014.03.19"]
[Round "2.7"]
[White "Butnorius, Algimantas"]
[Black "Gorshkov, Yury S"]
[Result "1-0"]
[WhiteElo "2340"]
[BlackElo "2320"]
[PlyCount "47"]
[EventDate "2014.??.??"]

1. Nf3 d5 2. c4 c6 3. d4 Nf6 4. Nc3 a6 5. c5 g6 6. Bf4 Bg7 7. e3 Nh5 8. Bg5 h6
9. Bh4 g5 10. Bg3 Nxg3 11. hxg3 Nd7 12. Qc2 e5 13. O-O-O b5 14. e4 exd4 15.
Nxd4 Qf6 16. exd5 O-O 17. Ne4 Qg6 18. Nxc6 Re8 19. Nd6 Qxc2+ 20. Kxc2 Rf8 21.
Ne7+ Kh8 22. Nexc8 Nxc5 23. Ne7 Na4 24. Ndf5 1-0

[Event "ESCC 2014 - 65+ Rapid"]
[Site "Porto POR"]
[Date "2014.03.19"]
[Round "2.8"]
[White "Santos, Júlio"]
[Black "Malachi, Avraham"]
[Result "0-1"]
[WhiteElo "1981"]
[BlackElo "2097"]
[PlyCount "77"]
[EventDate "2014.??.??"]

1. e4 e5 2. Nf3 Nc6 3. Bb5 a6 4. Bxc6 dxc6 5. d4 exd4 6. Qxd4 Qxd4 7. Nxd4 c5
8. Nb3 Bd6 9. Be3 b6 10. N1d2 Be6 11. c4 O-O-O 12. O-O Ne7 13. f4 f6 14. Rac1
Nc6 15. Nb1 a5 16. a4 Nb4 17. Na3 Rhe8 18. Nb5 Bf8 19. Nd2 Rd3 20. Rfe1 Red8
21. Nf3 Rb3 22. Re2 Nd3 23. Rcc2 Rb4 24. Nd2 Nxb2 25. Nc3 Nxc4 26. Nxc4 Bxc4
27. Red2 Rxd2 28. Rxd2 Bd6 29. Kf2 Rb3 30. Nd1 Ra3 31. Nb2 Bf7 32. g4 c4 33.
Rc2 c3 34. Nd1 Bb3 35. Rxc3 Bxd1 36. Rxa3 Bxa3 37. Bd4 Bxg4 38. e5 fxe5 39.
Bxe5 0-1

[Event "ESCC 2014 - 65+ Rapid"]
[Site "Porto POR"]
[Date "2014.03.19"]
[Round "2.9"]
[White "Zhelesny, Stanislav"]
[Black "Khmiadashvili, Tamar"]
[Result "0-1"]
[WhiteElo "2171"]
[BlackElo "2026"]
[PlyCount "23"]
[EventDate "2014.??.??"]

1. d4 d5 2. Nf3 c6 3. g3 Nf6 4. Bg2 g6 5. O-O Bg7 6. Nbd2 O-O 7. c4 e6 8. b3
Re8 9. Bb2 Nbd7 10. Re1 Ne4 11. Nxe4 dxe4 12. Nd2 0-1

[Event "ESCC 2014 - 65+ Rapid"]
[Site "Porto POR"]
[Date "2014.03.19"]
[Round "2.10"]
[White "Hutchinson, Norman A"]
[Black "Urbanc, Vinko"]
[Result "1-0"]
[WhiteElo "2100"]
[BlackElo "1860"]
[PlyCount "53"]
[EventDate "2014.??.??"]

1. e4 Nf6 2. e5 Nd5 3. d4 d6 4. c4 Nb6 5. exd6 cxd6 6. Nc3 g6 7. Be3 Bg7 8. Rc1
O-O 9. Bd3 Bd7 10. Nge2 Na6 11. O-O Rc8 12. b3 e5 13. Be4 Bc6 14. d5 Bd7 15. a4
f5 16. Bb1 f4 17. Bd2 Bf5 18. Ne4 Nc5 19. N2c3 Nxe4 20. Nxe4 g5 21. Qe2 g4 22.
f3 h5 23. Bb4 Qh4 24. Nxd6 gxf3 25. Qxf3 Bxb1 26. Rxb1 Rc7 27. Nb5 1-0

[Event "ESCC 2014 - 65+ Rapid"]
[Site "Porto POR"]
[Date "2014.03.19"]
[Round "2.11"]
[White "Grabow, Pouelsten Holm"]
[Black "Alves, Fernando"]
[Result "1-0"]
[WhiteElo "2095"]
[BlackElo "1802"]
[PlyCount "93"]
[EventDate "2014.??.??"]

1. d4 Nf6 2. Nf3 g6 3. g3 Bg7 4. Bg2 O-O 5. O-O d6 6. b3 c5 7. Bb2 Nc6 8. d5
Nb4 9. c4 Na6 10. Nbd2 Nc7 11. e4 b5 12. Rb1 a5 13. e5 Ng4 14. exd6 exd6 15.
Bxg7 Kxg7 16. h3 Nf6 17. g4 Ba6 18. Qc2 Kg8 19. Rfe1 Re8 20. Qc3 b4 21. Qc2 Qd7
22. Qb2 Qd8 23. Nh2 Bc8 24. f4 Bd7 25. Nhf3 a4 26. Ng5 axb3 27. axb3 Re7 28.
Rf1 Nce8 29. f5 Re3 30. fxg6 hxg6 31. Rf2 Ra3 32. Rbf1 Qe7 33. Rxf6 Nxf6 34.
Qxf6 Qxf6 35. Rxf6 Be8 36. Rxd6 Ra1+ 37. Kf2 Rae1 38. Bf3 Re7 39. Nge4 Rc1 40.
Rd8 Rc2 41. Kg3 Kg7 42. d6 Rxe4 43. Nxe4 Bc6 44. Rc8 Bxe4 45. Bxe4 Rc3+ 46. Kf2
Kf6 47. d7 1-0

[Event "ESCC 2014 - 65+ Rapid"]
[Site "Porto POR"]
[Date "2014.03.19"]
[Round "2.12"]
[White "Brandão, Álvaro"]
[Black "Boysan, Hasan Ferit"]
[Result "0-1"]
[WhiteElo "1601"]
[BlackElo "1969"]
[PlyCount "114"]
[EventDate "2014.??.??"]

1. Nf3 g6 2. e4 Bg7 3. Nc3 d6 4. d4 Nd7 5. Bc4 e6 6. O-O Ne7 7. Ng5 Nb6 8. Bb3
h6 9. Nf3 c6 10. a4 a5 11. Be3 d5 12. e5 Nf5 13. Qd3 Nd7 14. Ne2 b6 15. Rfe1
Ba6 16. Qd2 Nxe3 17. fxe3 O-O 18. Nf4 c5 19. c3 Qe7 20. Qf2 Rfc8 21. Bc2 Nf8
22. Qg3 Qe8 23. h4 Qe7 24. e4 Bb7 25. exd5 Bxd5 26. Nxd5 exd5 27. Bb3 Rd8 28.
Rad1 c4 29. Bc2 Ne6 30. Rf1 Rab8 31. h5 g5 32. Qg4 b5 33. axb5 Rxb5 34. Rd2
Rdb8 35. Rff2 Nf8 36. Ba4 R5b6 37. Rde2 Qe6 38. Nh2 Qxg4 39. Nxg4 Ne6 40. Bd7
Nf4 41. Rd2 Nxh5 42. Ne3 Nf4 43. Nf5 Nd3 44. Rf3 Bf8 45. Rh3 Nf4 46. Nxh6+ Rxh6
47. Rg3 Rg6 48. Bf5 Rg7 49. Re3 Ne6 50. Re1 g4 51. Ra1 Ra8 52. Kf2 Rg5 53. Bxe6
fxe6 54. Kg3 Ra7 55. Ra3 Rf5 56. Kxg4 Rg7+ 57. Kh4 Be7+ 0-1

[Event "ESCC 2014 - 65+ Rapid"]
[Site "Porto POR"]
[Date "2014.03.19"]
[Round "2.13"]
[White "Kabanova, Irina"]
[Black "Santos, Amadeu Solha"]
[Result "1-0"]
[WhiteElo "1966"]
[BlackElo "1614"]
[PlyCount "31"]
[EventDate "2014.??.??"]

1. e4 e5 2. Nf3 Nc6 3. d4 exd4 4. Bc4 h6 5. c3 Nf6 6. e5 Qe7 7. O-O Nh5 8. cxd4
d6 9. exd6 Qxd6 10. Re1+ Be7 11. Nc3 Bg4 12. Ne4 Qg6 13. Qb3 Nxd4 14. Nxd4 Bc5
15. Bxf7+ Qxf7 16. Nd6+ 1-0

[Event "ESCC 2014 - 65+ Rapid"]
[Site "Porto POR"]
[Date "2014.03.19"]
[Round "2.14"]
[White "Birkestrand, Odd"]
[Black "Marcelino, José"]
[Result "1-0"]
[WhiteElo "1875"]
[BlackElo "1374"]
[PlyCount "61"]
[EventDate "2014.??.??"]

1. e4 e5 2. Nf3 Nc6 3. Bc4 Be7 4. d4 exd4 5. Nxd4 Ne5 6. Bb3 Nf6 7. Nc3 O-O 8.
O-O b6 9. Nf5 Bb7 10. Qe2 Ng6 11. Nxe7+ Nxe7 12. Bg5 Ng6 13. Rad1 Re8 14. f3 h6
15. Be3 Ne5 16. Kh1 c6 17. Rd2 d5 18. Rfd1 Re7 19. Bd4 Qc7 20. f4 Ned7 21. e5
c5 22. exf6 Nxf6 23. Be5 Rxe5 24. Qxe5 Qxe5 25. fxe5 d4 26. exf6 dxc3 27. Rd8+
Rxd8 28. Rxd8+ Kh7 29. fxg7 Kxg7 30. bxc3 f6 31. Rd7+ 1-0

[Event "ESCC 2014 - 65+ Rapid"]
[Site "Porto POR"]
[Date "2014.03.19"]
[Round "3.1"]
[White "Suba, Mihai"]
[Black "Grinberg, Iosif P"]
[Result "1-0"]
[WhiteElo "2379"]
[BlackElo "2161"]
[PlyCount "31"]
[EventDate "2014.??.??"]

1. c4 c6 2. e4 d5 3. cxd5 cxd5 4. exd5 Nf6 5. Nc3 Nxd5 6. Nf3 g6 7. Qb3 Nxc3 8.
Bc4 e6 9. Qxc3 f6 10. O-O Bg7 11. Qb3 Qe7 12. Re1 e5 13. d4 e4 14. Bd2 Nc6 15.
d5 Nd8 16. Bb4 1-0

[Event "ESCC 2014 - 65+ Rapid"]
[Site "Porto POR"]
[Date "2014.03.19"]
[Round "3.2"]
[White "Schouten, Nico"]
[Black "Gaprindashvili, Nona"]
[Result "0-1"]
[WhiteElo "2179"]
[BlackElo "2244"]
[PlyCount "48"]
[EventDate "2014.??.??"]

1. b4 e5 2. Bb2 f6 3. a3 d5 4. e3 Be6 5. Nf3 Nh6 6. Be2 Bd6 7. d3 O-O 8. c4 c6
9. Nbd2 Nd7 10. Qc2 Nf7 11. e4 d4 12. c5 Bc7 13. Nc4 b5 14. cxb6 axb6 15. a4 b5
16. axb5 Rxa1+ 17. Bxa1 cxb5 18. Na3 Bd6 19. Qb2 Qe7 20. Nc2 Nb6 21. O-O Na4
22. Qa3 Rc8 23. Ncxd4 exd4 24. Nxd4 Bxb4 0-1

[Event "ESCC 2014 - 65+ Rapid"]
[Site "Porto POR"]
[Date "2014.03.19"]
[Round "3.3"]
[White "Malachi, Avraham"]
[Black "Tsifanskaya, Ludmila A"]
[Result "1-0"]
[WhiteElo "2097"]
[BlackElo "2106"]
[PlyCount "113"]
[EventDate "2014.??.??"]

1. e4 c5 2. Nf3 Nc6 3. d4 cxd4 4. Nxd4 Qb6 5. Nb3 Nf6 6. Nc3 e6 7. Be3 Qc7 8.
a3 a6 9. Be2 d6 10. Qd2 b5 11. O-O Be7 12. Rad1 O-O 13. f4 Bb7 14. Bf3 b4 15.
axb4 Nxb4 16. Na4 d5 17. e5 Ne4 18. Bxe4 dxe4 19. Bc5 Nd5 20. c4 e3 21. Qe2
Bxc5 22. Naxc5 Nxf4 23. Rxf4 Qxe5 24. Rfd4 Bc6 25. Nd7 Bxd7 26. Rxd7 Rab8 27.
Nd4 Qc5 28. b3 e5 29. Rd5 Qc7 30. Nf3 Rxb3 31. Rxe5 h6 32. h3 Rc3 33. Re1 Rxc4
34. Qxe3 a5 35. Re8 Rxe8 36. Qxe8+ Kh7 37. Ne5 Rc1 38. Nf3 Rxe1+ 39. Qxe1 a4
40. Qe4+ g6 41. Qxa4 Qc1+ 42. Kh2 Qc7+ 43. g3 Qe7 44. Qc4 Kg7 45. h4 g5 46.
Qd4+ Kh7 47. Qe5 Qxe5 48. Nxe5 gxh4 49. gxh4 f6 50. Nd7 Kg6 51. Kg3 f5 52. Nc5
Kh5 53. Ne6 Kg6 54. Nf4+ Kf6 55. Kf3 Ke5 56. Ke3 Kf6 57. Kd4 1-0